000 00678nam a2200217Ia 4500
003 GCL
008 140319s9999 xx 000 0 eng d
040 _aGCL /
_cGCL
082 0 4 _a621.319
_bB L
100 1 _aBREBBIA, C.A.
245 1 0 _aLECTURE NOTES IN ENGINEERING: CURRENT DISTRIBUTION AND ELECTRONIC SHAPE CHANGES IN ELECTROCHEMICAL SYSTEMS /
_cBREBBIA, C.A.
700 1 _aORSZAG,S.A
700 1 _aDECONINCK, J.
260 _a[S.N] :
_bSPRINGER - VERLAG ،
_c1992
300 _a281 P
650 0 4 _aالتحليل الرياضى
650 0 4 _aELECTROCHEMICAL SYSTEMS
650 0 4 _aELECTRODES, JAN SELECTIVE
650 0 4 _aELECTROCHEMICAL ANALYSIS
942 _2ddc
_cBK
999 _c17113
_d17113